00938ntm a22002297a 450000500170000000800410001704000280005808200170008610000270010324500540013026000100018430000410019450001850023559000220042065000500044265300230049265500430051577700240055894200080058299900170059095201010060720170817110857.0170802s2011 xx a frb 000 0 eng d aEG-ScBUEbengcEG-ScBUE04222a624bHAS1 aHashem, Mohamed Nabeh.10aSmart economic suburb /cby Mohamed Nabeh Hashem. c2011. avii, 72 p. :bill. (col.) ;c28 cm.  aA thesis submitted to the faculty of Engineering the British university in Egypt, in partial fulfillment of the requirements for the degree of bachelor in Architectural Engineering aNOURA TARK KAMAL. 72BUEshaArchitictural Engineering. vProjects bENGARCcAugust2017 vProjects - StudentsvStudents Projects AProjects - Students 2ddc c25416d25388 00102ddc4070aMAINbMAINc2NDd2017-08-17l0o624 HASp000046796r2025-07-15 00:00:00yPROJST